| 000 -LEADER |
| fixed length control field |
01174pab a2200145 454500 |
| 008 - FIXED-LENGTH DATA ELEMENTS--GENERAL INFORMATION |
| fixed length control field |
180718b xxu||||| |||| 00| 0 eng d |
| 100 ## - MAIN ENTRY--PERSONAL NAME |
| Personal name |
Chan Hon S. |
| 245 ## - TITLE STATEMENT |
| Title |
Agency problem and bureaucratic governance in the People's Republic of China |
| 362 ## - DATES OF PUBLICATION AND/OR SEQUENTIAL DESIGNATION |
| Dates of publication and/or sequential designation |
17(9), Aug 1994, p.1631-662 |
| 520 ## - SUMMARY, ETC. |
| Summary, etc. |
This article argues that the Chinese idea of agency problem is misconstrued. The analysis provides an alternative approach to empirically reasses the nature of the problems, along the principal agent model. The article demonstrates the relevance of using law to make the case for the profitabiltily of examining the issues of bureaucratic governance from principal agent perspectives. The analysis concludes by arguing that bureaucratic governance in China cannot be achieved by intensifying hierarchical domination. The concern about agents moral quality cannot sufficiently induce responsible bureaucractic behaviour. The key to reinventing the bureaucratic state in China lies mainly on the recognition of the agents |
| 650 ## - SUBJECT ADDED ENTRY--TOPICAL TERM |
| Topical term or geographic name entry element |
Public Administration -- China |
| 650 ## - SUBJECT ADDED ENTRY--TOPICAL TERM |
| Topical term or geographic name entry element |
Bureaucracy -- China |
| 773 ## - HOST ITEM ENTRY |
| Main entry heading |
International Journal of Public Administration |
| 909 ## - |
| -- |
27148 |